Sloboda na splátky

Bibliographic Details
Main Author: Danihelová, Majka, 1993- (Author)
Format: Book
Language:Slovak
PhysicalDescription:370 strán 21 cm
Published: Bratislava Venupress, s.r.o. 2025
ISBN:9788069085459
Edition:Vydanie prvé
Subjects:

MARC

LEADER 00000cam a2200000 4500
001 vtls012287592
003 SK-MaSNL
005 20260301061453.0
008 251119s2025 xo g 010 f slo
015 |a SNBA2025/12 
020 |a 9788069085459  |q (viazané) 
040 |a SNK  |b slo  |c SNK  |e rda 
041 0 |a slo 
044 |a xo  |c SK 
072 7 |a 821.162.4-3  |x Slovenská próza  |2 konspekt 
080 |a 821.162.4-31  |2 2011 
100 1 |a Danihelová, Majka,  |d 1993-  |4 aut  |9 222130 
245 1 |a Sloboda na splátky  |c Majka Danihelová 
250 |a Vydanie prvé 
264 1 |a Bratislava  |b Venupress, s.r.o.  |c 2025 
300 |a 370 strán  |c 21 cm 
336 |a text  |b txt  |2 rdacontent 
337 |a bez média  |b n  |2 rdamedia 
338 |a zväzok  |b nc  |2 rdacarrier 
500 |a Obsahuje stručné biografické údaje o autorke 
655 7 |a slovenské romány  |2 SNKPH  |9 70324 
655 7 |a Slovak fiction  |2 SNKPHeng  |9 277096 
919 |a 978-80-69085-45-9 
954 |a beletria pôvodná (slovenská)  |2 lita 
958 |a LX 
999 |c 617513  |d 619443 
952 |a SNK  |b SNK  |y PREZ  |7 0  |p 17A1582438  |o snkSD 93866  |i snk2025/18690  |8 0  |0 0  |1 0  |4 0  |d 2025-11-19  |f 1  |l 0  |r 2026-02-23 16:43:43  |w 2026-02-23 
952 |a SNK  |b SNK  |y PREZ  |7 0  |p 17A1582439  |o snkSD 93866 D1  |i snk2025/18691  |8 0  |0 0  |1 0  |4 0  |d 2025-11-19  |l 0  |r 2026-02-23 16:43:43  |w 2026-02-23